[Event "Durban USSA op"]
[Site "Durban"]
[Date "2023.12.08"]
[Round "9"]
[White "Jack, Azile"]
[Black "Le Roux, Emile Paul"]
[Result "0-1"]
[WhiteElo "1459"]
[BlackElo "1480"]
[PlyCount "97"]
[EventDate "2023.12.04"]
[EventType "swiss"]
[EventRounds "9"]
[EventCountry "RSA"]
[SourceTitle "CB50_2023"]
[SourceDate "2023.12.13"]
[SourceVersion "1"]
[SourceVersionDate "2023.12.13"]
[SourceQuality "1"]

1. d4 d5 2. Nf3 Nf6 3. Bf4 e6 4. e3 Bd6 5. Bg5 c5 6. Nbd2 Nc6 7. Bb5 a6 8. Bxc6+ bxc6 9. 0-0 Qc7 10. Bxf6 gxf6 11. dxc5 Bxc5 12. e4 Bd6 13. exd5 cxd5 14. c4 Bb7 15. cxd5 Bxd5 16. Rc1 Qd7 17. Nc4 Bxc4 18. Rxc4 e5 19. Qd5 Ke7 20. Rd1 Rhc8 21. Rh4 Qc6 22. Qd3 Rd8 23. Re1 Bb4 24. Nxe5 fxe5 25. Rxe5+ Kf8 26. Qb1 Qd6 27. g3 Qxe5 28. Qxh7 Re8 29. Rg4 Bd2 30. Rg8+ Ke7 31. Rg4 Rh8 32. Qd3 Rad8 33. Qxa6 f5 34. Rg6 Qe1+ 35. Qf1 Qxf1+ 36. Kxf1 Rxh2 37. a4 Bb4 38. Kg1 Rhh8 39. Rg7+ Kf6 40. Rb7 Rb8 41. Rc7 Bd6 42. Rc2 Rhc8 43. Rd2 Be5 44. a5 Rxb2 45. Rd5 Rc1+ 46. Kg2 Rcc2 47. g4 Rxf2+ 48. Kg1 Bh2+ 49. Kh1 0-1

[Event "Durban USSA op"]
[Site "Durban"]
[Date "2023.12.07"]
[Round "7"]
[White "Jack, Azile"]
[Black "Hemeni, Simamnkele"]
[Result "1-0"]
[WhiteElo "1459"]
[BlackElo "1786"]
[PlyCount "54"]
[EventDate "2023.12.04"]
[EventType "swiss"]
[EventRounds "9"]
[EventCountry "RSA"]
[SourceTitle "CB50_2023"]
[SourceDate "2023.12.13"]
[SourceVersion "1"]
[SourceVersionDate "2023.12.13"]
[SourceQuality "1"]

1. d4 Nf6 2. Nf3 g6 3. c4 Bg7 4. Nc3 0-0 5. Bf4 d6 6. e3 Nbd7 7. Be2 Re8 8. h3 e5 9. Bh2 c6 10. dxe5 dxe5 11. Nxe5 Qa5 12. Nxd7 Nxd7 13. Qc2 Nc5 14. 0-0 Bf5 15. Qc1 Nd3 16. Bxd3 Bxd3 17. Rd1 Bxc4 18. Rd7 b6 19. a3 Be6 20. Rd6 Rac8 21. Qe1 Bf8 22. Rd2 Rcd8 23. Rad1 Be7 24. Bd6 Bf6 25. Ne4 Qf5 26. Nxf6+ Qxf6 27. Be5 Qe7 1-0

[Event "RSA-chT U20"]
[Site "Boksburg"]
[Date "2020.01.07"]
[Round "6.5"]
[White "Singh, Pragna"]
[Black "Jack, Azile"]
[Result "0-1"]
[WhiteElo "1155"]
[BlackElo "1451"]
[PlyCount "84"]
[EventDate "2020.01.04"]
[EventType "team-tourn"]
[EventRounds "7"]
[EventCountry "RSA"]
[SourceTitle "CBM 194 Extra"]
[Source "ChessBase"]
[SourceDate "2020.03.31"]
[SourceVersion "1"]
[SourceVersionDate "2020.03.31"]
[SourceQuality "1"]
[WhiteTeam "Ekurhuleni U20"]
[BlackTeam "Johannesburg Metro U20"]
[WhiteTeamCountry "RSA"]
[BlackTeamCountry "RSA"]

1. d4 Nf6 2. e3 g6 3. Bd3 Bg7 4. f4 d6 5. Nf3 0-0 6. 0-0 Nc6 7. c3 e5 8. fxe5 dxe5 9. Nbd2 Qe7 10. Ng5 exd4 11. exd4 Qe3+ 12. Kh1 Qxd3 13. h3 Qb5 14. Nde4 Nxe4 15. Nxe4 Qd5 16. Qf3 Qf5 17. Qd3 Qh5 18. g4 Bxg4 19. Rf2 Qxh3+ 20. Qxh3 Bxh3 21. Rh2 Be6 22. Ng5 Bd5+ 23. Kg1 h5 24. Nh3 Rae8 25. Bf4 Re7 26. Bg5 f6 27. Bd2 Rfe8 28. Nf4 Bf7 29. Rf1 Kh7 30. b3 g5 31. Nd3 Bg6 32. Ne1 Re2 33. Nf3 g4 34. Ne5 Rxh2 35. Kxh2 fxe5 36. d5 Ne7 37. c4 Nf5 38. Ba5 b6 39. Bd2 Nd4 40. Kg3 Nf3 41. Bc1 h4+ 42. Kxg4 Nh2+ 0-1